<?xml version="1.0" encoding="UTF-8"?>
<collection xmlns="http://www.loc.gov/MARC21/slim">
<record>
  <controlfield tag="001">7065</controlfield>
  <datafield tag="037" ind1=" " ind2=" ">
    <subfield code="a">RICO-1981-879</subfield>
  </datafield>
  <datafield tag="041" ind1=" " ind2=" ">
    <subfield code="a">eng</subfield>
  </datafield>
  <datafield tag="100" ind1=" " ind2=" ">
    <subfield code="a">Rico, John</subfield>
  </datafield>
  <datafield tag="245" ind1=" " ind2=" ">
    <subfield code="a">Visualize Vacaville Surrounded By Water?</subfield>
  </datafield>
  <datafield tag="260" ind1=" " ind2=" ">
    <subfield code="c">1981-08-14</subfield>
  </datafield>
  <datafield tag="520" ind1=" " ind2=" ">
    <subfield code="a">Beware, the flood is coming. At this point I am rather confused about our climatic transitions in the years ahead. One group of scientists and meteorologists tell us the North Pole ice masses are gradually creeping toward us and that in a million years, more or less, little Vacaville will be covered by glaciers measuring hundreds of feet deep.

</subfield>
  </datafield>
  <datafield tag="856" ind1="0" ind2=" ">
    <subfield code="f">vacahc@gmail.com</subfield>
  </datafield>
  <datafield tag="088" ind1=" " ind2=" ">
    <subfield code="a">879</subfield>
  </datafield>
  <datafield tag="980" ind1=" " ind2=" ">
    <subfield code="a">48298675894</subfield>
  </datafield>
  <datafield tag="650" ind1="1" ind2="7">
    <subfield code="a">Publication/Article</subfield>
  </datafield>
  <datafield tag="040" ind1=" " ind2=" ">
    <subfield code="a">CaVaHC</subfield>
  </datafield>
  <datafield tag="856" ind1="4" ind2=" ">
    <subfield code="u">http://media.vhcdb.org/articles/879/</subfield>
    <subfield code="z">Read Article</subfield>
  </datafield>
  <datafield tag="856" ind1="4" ind2=" ">
    <subfield code="u">http://www.solanohistory.net/articles/879/879.1.pdf</subfield>
    <subfield code="z">PDF Document</subfield>
  </datafield>
</record>
</collection>